[Event "2 Knights Slug Out"]
[Site "SchemingMind.com"]
[Date "2013.08.17"]
[Round "-"]
[White "Savage72"]
[Black "kenneth m day"]
[Result "0-1"]
[WhiteCountry "NED"]
[BlackCountry "USA"]
[WhiteElo "1561"]
[WhiteRD "66"]
[BlackElo "1758"]
[BlackRD "53"]
[GameID "336970"]

1. e4 e5 2. Nf3 Nc6 3. Bc4 Nf6 4. d4 exd4 5. Ng5 d5 6. exd5 Nxd5 7. O-O Be7 8. Nxf7 Kxf7 9. Qf3+ Bf6 10. Bxd5+ Be6
0-1

[Event "2 Knights Slug Out"]
[Site "SchemingMind.com"]
[Date "2013.08.21"]
[Round "-"]
[White "Olli Ylönen"]
[Black "kenneth m day"]
[Result "0-1"]
[WhiteCountry "FIN"]
[BlackCountry "USA"]
[WhiteElo "1844"]
[WhiteRD "58"]
[BlackElo "1807"]
[BlackRD "52"]
[GameID "336977"]

1. e4 e5 2. Nf3 Nc6 3. Bc4 Nf6 4. Ng5 Bc5 5. Nxf7 Bxf2+ 6. Kf1 Qe7 7. Nxh8 d5 8. exd5 Nd4 9. d6 Qxd6 10. Nf7 Qc5
11. d3 e4 12. b4 Qf5 13. dxe4 Nxe4 14. g4 Qf6 15. Kg2 Qh4 16. Ng5 Bxg4 17. Qd3 Bf5 18. Re1 Qg4+ 19. Kh1 O-O-O 20. Nc3 Ng3+
21. Qxg3 Bxg3 22. hxg3 Nxc2 23. Re4 Bxe4+ 24. Ncxe4 Qd1+
0-1

[Event "2 Knights Slug Out"]
[Site "SchemingMind.com"]
[Date "2013.08.21"]
[Round "-"]
[White "kenneth m day"]
[Black "Olli Ylönen"]
[Result "0-1"]
[WhiteCountry "USA"]
[BlackCountry "FIN"]
[WhiteElo "1807"]
[WhiteRD "52"]
[BlackElo "1844"]
[BlackRD "58"]
[GameID "336979"]

1. e4 e5 2. Nf3 Nc6 3. Bc4 Nf6 4. Ng5 Bc5 5. Bxf7+ Ke7 6. Bb3 Rf8 7. O-O d6 8. Nc3 Qe8 9. d3 h6 10. Nf3 Bg4
11. h3 Bh5 12. a3 Nd4 13. Nd5+ Nxd5 14. Bxd5 c6 15. Ba2 Nxf3+ 16. gxf3 Qg6+ 17. Kh2 Bxf3 18. Rg1 Bxd1 19. Rxg6 Rxf2+ 20. Rg2 Rxg2+
21. Kxg2 Bxc2 22. Bd2 Bxd3 23. Re1 Bd4 24. Bc3 Rf8 25. Kg3 Bf2+
0-1

[Event "2 Knights Slug Out"]
[Site "SchemingMind.com"]
[Date "2013.09.06"]
[Round "-"]
[White "Aba"]
[Black "Olli Ylönen"]
[Result "0-1"]
[WhiteCountry "ISR"]
[BlackCountry "FIN"]
[WhiteElo "1832"]
[WhiteRD "82"]
[BlackElo "1844"]
[BlackRD "58"]
[GameID "337598"]

1. e4 e5 2. Nf3 Nc6 3. Bc4 Nf6 4. d4 exd4 5. O-O Nxe4 6. Re1 d5 7. Bxd5 Qxd5 8. Nc3 Qa5 9. Nxe4 Be6 10. Bd2 Qf5
11. Neg5 O-O-O 12. a3 a5 13. b4 a4 14. Qb1 b5 15. Qb2 h6 16. Nxe6 fxe6 17. Rad1 e5 18. c4 bxc4 19. b5 c3 20. Bxc3 dxc3
21. Qxc3 Rxd1 22. Rxd1 Nd4 23. Nxd4 exd4 24. Qc6 Bd6 25. Qa8+ Kd7 26. Qxh8 Bxh2+ 27. Kh1 Be5 28. Re1 Qxf2 29. Rd1 Qh4+ 30. Kg1 Qh2+
31. Kf1 Qh1+ 32. Ke2 Qxg2+ 33. Kd3 Qf3+ 34. Kc2 Qc3+ 35. Kb1 Qb3+
0-1

[Event "2 Knights Slug Out"]
[Site "SchemingMind.com"]
[Date "2013.09.02"]
[Round "-"]
[White "Aba"]
[Black "kenneth m day"]
[Result "0-1"]
[WhiteCountry "ISR"]
[BlackCountry "USA"]
[WhiteElo "1832"]
[WhiteRD "82"]
[BlackElo "1807"]
[BlackRD "52"]
[GameID "337599"]

1. e4 e5 2. Nf3 Nc6 3. Bc4 Nf6 4. d3 Bc5 5. c3 d6 6. b4 Bb6 7. a4 a6 8. Qb3 O-O 9. h3 Qe7 10. Bg5 Be6
11. Nbd2 h6 12. Bh4 g5 13. Bg3 Rad8 14. a5 Ba7 15. O-O Qd7 16. b5 Ne7 17. Bxe6 fxe6 18. b6 cxb6 19. axb6 Bb8 20. Rfe1 Nh5
21. Bh2 Nf4 22. c4 Nc6 23. Rac1 d5 24. c5 Nd4 25. Nxd4 exd4 26. e5 Rc8 27. Qb4 Nxd3 28. Qxd4 Nxc1 29. Rxc1 Qg7 30. Qg4 Rf5
31. Nb3 Bxe5 32. Re1 Bxh2+ 33. Kxh2 Qf6 34. Nd4 Re5 35. Rc1 Re4 36. Qxe4 dxe4 37. c6 Qf4+ 38. g3 Qxc1
0-1

[Event "2 Knights Slug Out"]
[Site "SchemingMind.com"]
[Date "2013.09.06"]
[Round "-"]
[White "Olli Ylönen"]
[Black "Aba"]
[Result "0-1"]
[WhiteCountry "FIN"]
[BlackCountry "ISR"]
[WhiteElo "1844"]
[WhiteRD "58"]
[BlackElo "1832"]
[BlackRD "82"]
[GameID "337601"]

1. e4 e5 2. Nf3 Nc6 3. Bc4 Nf6 4. Ng5 Bc5 5. Nxf7 Bxf2+ 6. Kf1 Qe7 7. Nxh8 Nxe4 8. Qf3 d5 9. Bxd5 Nd4 10. Qh5+ g6
11. Nxg6 hxg6 12. Qxg6+ Kd8 13. Bxe4 Qf8 14. g4 Bh4+ 15. Kg2 Ne2 16. Rf1 Nf4+ 17. Kg1 Qc5+ 18. Kh1 Nxg6 19. Bxg6 Bxg4 20. Nc3 Bf2
21. Ne4 Bf3#
0-1

[Event "2 Knights Slug Out"]
[Site "SchemingMind.com"]
[Date "2013.09.01"]
[Round "-"]
[White "kenneth m day"]
[Black "Aba"]
[Result "1-0"]
[WhiteCountry "USA"]
[BlackCountry "ISR"]
[WhiteElo "1758"]
[WhiteRD "53"]
[BlackElo "1848"]
[BlackRD "90"]
[GameID "337602"]

1. e4 e5 2. Nf3 Nc6 3. Bc4 Nf6 4. d3 Bc5 5. c3 a6 6. O-O d6 7. Bb3 h6 8. Nbd2 Bg4 9. Nc4 Qd7 10. Bd2 O-O-O
11. Ne3 g5 12. h3 Bh5 13. g4 Bg6 14. Nf5 h5 15. Bxg5 hxg4 16. Bxf6 Rxh3 17. Ng5 Bxf5 18. Nxh3 gxh3 19. Bxd8 Bg4 20. Qd2 Qxd8
21. Qh6 Qg8 22. Kh2 Ne7 23. Qh4 d5 24. Rg1
1-0

[Event "2 Knights Slug Out"]
[Site "SchemingMind.com"]
[Date "2013.09.01"]
[Round "-"]
[White "Savage72"]
[Black "Aba"]
[Result "0-1"]
[WhiteCountry "NED"]
[BlackCountry "ISR"]
[WhiteElo "1561"]
[WhiteRD "66"]
[BlackElo "1848"]
[BlackRD "90"]
[GameID "337603"]

1. e4 e5 2. Nf3 Nc6 3. Bc4 Nf6 4. d4 exd4 5. Ng5 Ne5 6. Bb3 d5 7. exd5 Bb4+ 8. c3 dxc3 9. bxc3 Bd6 10. Ba3 c5
0-1

[Event "2 Knights Slug Out"]
[Site "SchemingMind.com"]
[Date "2013.09.08"]
[Round "-"]
[White "Selwyn"]
[Black "Aba"]
[Result "1-0"]
[WhiteCountry "AUS"]
[BlackCountry "ISR"]
[WhiteElo "2210"]
[WhiteRD "95"]
[BlackElo "1848"]
[BlackRD "90"]
[GameID "337978"]

1. e4 e5 2. Nf3 Nc6 3. Bc4 Nf6 4. Ng5 Bc5 5. Nxf7 Bxf2+ 6. Kf1 Qe7 7. Nxh8 d5 8. exd5 Nd4 9. d6 cxd6 10. Kxf2 Bg4
11. Qf1 O-O-O 12. c3 Ne4+ 13. Kg1 Rf8 14. Nf7 Nc2 15. Qd3 Qh4 16. Qxe4 Nxa1 17. Nxd6+ Kd7 18. Qxb7+ Kd8 19. Nf7+
1-0

[Event "2 Knights Slug Out"]
[Site "SchemingMind.com"]
[Date "2013.09.13"]
[Round "-"]
[White "Selwyn"]
[Black "Olli Ylönen"]
[Result "1-0"]
[WhiteCountry "AUS"]
[BlackCountry "FIN"]
[WhiteElo "2210"]
[WhiteRD "95"]
[BlackElo "1847"]
[BlackRD "59"]
[GameID "337979"]

1. e4 e5 2. Nf3 Nc6 3. Bc4 Nf6 4. Ng5 Bc5 5. Bxf7+ Ke7 6. Bb3 Rf8 7. d3 d6 8. Be3 Bxe3 9. fxe3 Bg4 10. Nf3 Qd7
11. O-O Rae8 12. Nc3 Kd8 13. Qd2 h5 14. h3 Be6 15. Ba4 Bxh3 16. gxh3 Qxh3 17. Qg2 Qxg2+ 18. Kxg2 Rh8 19. Ng5 Ref8 20. Ne6+
1-0

[Event "2 Knights Slug Out"]
[Site "SchemingMind.com"]
[Date "2013.09.08"]
[Round "-"]
[White "Selwyn"]
[Black "kenneth m day"]
[Result "1-0"]
[WhiteCountry "AUS"]
[BlackCountry "USA"]
[WhiteElo "2210"]
[WhiteRD "95"]
[BlackElo "1758"]
[BlackRD "53"]
[GameID "337980"]

1. e4 e5 2. Nf3 Nc6 3. Bc4 Nf6 4. Ng5 d5 5. exd5 Na5 6. Bb5+ c6 7. dxc6 bxc6 8. Qf3 Be7 9. Bxc6+ Nxc6 10. Qxc6+ Bd7
11. Qf3 Rc8 12. O-O Rxc2 13. Qb3 Nd5 14. Qxc2 Bxg5 15. Nc3 Nf4 16. d4 O-O 17. dxe5 Re8 18. Qe4 Ne6 19. Bxg5 Nxg5 20. Qb7 Re7
21. Qxa7 Bg4 22. Qe3 Re6 23. f4
1-0

[Event "2 Knights Slug Out"]
[Site "SchemingMind.com"]
[Date "2013.09.08"]
[Round "-"]
[White "Aba"]
[Black "Selwyn"]
[Result "0-1"]
[WhiteCountry "ISR"]
[BlackCountry "AUS"]
[WhiteElo "1848"]
[WhiteRD "90"]
[BlackElo "2210"]
[BlackRD "95"]
[GameID "337982"]

1. e4 e5 2. Nf3 Nc6 3. Bc4 Nf6 4. d4 exd4 5. O-O Nxe4 6. Re1 d5 7. Bxd5 Qxd5 8. Nc3 Qh5 9. Nxe4 Be6 10. Bg5 Bd6
11. c4 h6 12. Nxd6+ cxd6 13. Bf4 Qc5 14. b3 O-O 15. Qd2 Rad8 16. h3 d5 17. cxd5 Rxd5 18. Rac1 Qa5 19. Qb2 Rfd8 20. Bd2 Qa6
21. Red1 Bxh3 22. gxh3 Qe2 23. Nh2 Rf5 24. Rf1 Ne5 25. Qc2 Nd3 26. f3 Rc5 27. Qd1 Nxc1 28. Bxc1 d3 29. f4 Rc2
0-1

[Event "2 Knights Slug Out"]
[Site "SchemingMind.com"]
[Date "2013.09.13"]
[Round "-"]
[White "Olli Ylönen"]
[Black "Selwyn"]
[Result "0-1"]
[WhiteCountry "FIN"]
[BlackCountry "AUS"]
[WhiteElo "1847"]
[WhiteRD "59"]
[BlackElo "2210"]
[BlackRD "95"]
[GameID "337983"]

1. e4 e5 2. Nf3 Nc6 3. Bc4 Nf6 4. Ng5 Bc5 5. Nxf7 Bxf2+ 6. Kf1 Qe7 7. Nxh8 d5 8. exd5 Nd4 9. h3 Bh4 10. c3 Nf5
11. d4 Bd7 12. g4 Ng3+ 13. Kg2 Nxh1 14. Kxh1 exd4 15. g5 Qe4+ 16. Kg1 O-O-O 17. gxf6 gxf6 18. Na3 Rg8+
0-1

[Event "2 Knights Slug Out"]
[Site "SchemingMind.com"]
[Date "2013.09.08"]
[Round "-"]
[White "kenneth m day"]
[Black "Selwyn"]
[Result "0-1"]
[WhiteCountry "USA"]
[BlackCountry "AUS"]
[WhiteElo "1758"]
[WhiteRD "53"]
[BlackElo "2210"]
[BlackRD "95"]
[GameID "337984"]

1. e4 e5 2. Nf3 Nc6 3. Bc4 Nf6 4. d4 exd4 5. e5 d5 6. Bb5 Ne4 7. Nxd4 Bd7 8. Bxc6 bxc6 9. O-O Bc5 10. f3 Ng5
11. Be3 Bb6 12. Qd2 Ne6 13. Nc3 Nxd4 14. Bxd4 O-O 15. Kh1 c5 16. Bf2 d4 17. Nd5 Re8 18. Rae1 Bb5 19. Rg1 Qxd5 20. b3 Bc6
21. Bg3 a5 22. a4 c4 23. Rgf1 cxb3 24. cxb3 Qxb3 25. Ra1 Bxa4
0-1

[Event "2 Knights Slug Out"]
[Site "SchemingMind.com"]
[Date "2013.09.21"]
[Round "-"]
[White "Iucounu"]
[Black "Aba"]
[Result "0-1"]
[WhiteCountry "ENG"]
[BlackCountry "ISR"]
[WhiteElo "1464"]
[WhiteRD "57"]
[BlackElo "1832"]
[BlackRD "82"]
[GameID "338708"]

1. e4 e5 2. Nf3 Nc6 3. Bc4 Nf6 4. d3 Bc5 5. c3 a6 6. Bb3 h6 7. Nbd2 d6 8. h3 b5 9. O-O g5 10. Bd5 Bd7
11. Nb3 Bb6 12. Re1 Qe7 13. Be3 O-O-O 14. Bxb6 cxb6 15. c4 bxc4 16. dxc4 Nb4 17. a3 Nbxd5 18. exd5 g4 19. hxg4 Bxg4 20. Nbd2 h5
21. b4 h4 22. Kf1 h3 23. g3 Rd7 24. Kg1 e4 25. Nxe4 Nxe4 26. Re3 f5 27. Ra2 Qg7 28. Qd4 Bxf3 29. Rxf3 Qxd4
0-1

[Event "2 Knights Slug Out"]
[Site "SchemingMind.com"]
[Date "2013.09.25"]
[Round "-"]
[White "Iucounu"]
[Black "Olli Ylönen"]
[Result "0-1"]
[WhiteCountry "ENG"]
[BlackCountry "FIN"]
[WhiteElo "1464"]
[WhiteRD "57"]
[BlackElo "1844"]
[BlackRD "58"]
[GameID "338709"]

1. e4 e5 2. Nf3 Nc6 3. Bc4 Nf6 4. d3 Bc5 5. c3 d6 6. O-O O-O 7. Bb3 a6 8. Nbd2 Ba7 9. h3 h6 10. Re1 Nh5
11. Nf1 Qf6 12. Be3 Bxe3 13. Nxe3 Ne7 14. Nd5 Nxd5 15. Bxd5 c6 16. Bb3 Qg6 17. Qe2 Nf4 18. Qf1 Bxh3 19. Kh2 Bxg2 20. Qg1 Qh5+
0-1

[Event "2 Knights Slug Out"]
[Site "SchemingMind.com"]
[Date "2013.09.21"]
[Round "-"]
[White "Iucounu"]
[Black "kenneth m day"]
[Result "0-1"]
[WhiteCountry "ENG"]
[BlackCountry "USA"]
[WhiteElo "1494"]
[WhiteRD "57"]
[BlackElo "1785"]
[BlackRD "53"]
[GameID "338710"]

1. e4 e5 2. Nf3 Nc6 3. Bc4 Nf6 4. d3 Bc5 5. c3 O-O 6. O-O d6 7. Bb3 Bg4 8. Nbd2 Nh5 9. h3 Be6 10. Nxe5 Nxe5
11. d4 Nd3 12. dxc5 Nhf4 13. Bxe6 fxe6 14. cxd6 Qxd6 15. Nf3 Rad8 16. Bxf4 Qxf4 17. Qd2 Nc5 18. Qxf4 Rxf4 19. Rad1 Rff8 20. Rfe1 Rxd1
21. Rxd1 Nxe4 22. Rd7 Rf7 23. Rxf7 Kxf7 24. Ne5+ Kf6 25. Ng4+ Kg6 26. Ne5+ Kf5 27. Nd3 b6 28. Kf1 Nd2+ 29. Ke2 Nc4 30. b3 Nd6
31. Ke3 e5 32. g4+ Ke6 33. c4 e4 34. Nf4+ Ke5 35. Nd5 c6 36. f3 cxd5 37. f4+ Ke6 38. cxd5+ Kxd5 39. a4 Kc5
0-1

[Event "2 Knights Slug Out"]
[Site "SchemingMind.com"]
[Date "2013.09.21"]
[Round "-"]
[White "Iucounu"]
[Black "Selwyn"]
[Result "0-1"]
[WhiteCountry "ENG"]
[BlackCountry "AUS"]
[WhiteElo "1464"]
[WhiteRD "57"]
[BlackElo "2271"]
[BlackRD "87"]
[GameID "338712"]

1. e4 e5 2. Nf3 Nc6 3. Bc4 Nf6 4. d3 Bc5 5. c3 d6 6. O-O O-O 7. Bb3 Bd7 8. d4 Bb6 9. Be3 Nxe4 10. Nbd2 exd4
11. cxd4 Nf6 12. Nc4 Re8 13. Nxb6 axb6 14. Bg5 h6 15. Be3 Na5 16. a3 Nxb3 17. Qxb3 Bc6 18. Bd2 Qd7 19. Bc3 Bxf3 20. gxf3 Qh3
21. Qc2 Nd5 22. Qd2 Re6 23. Rae1 Rg6+
0-1

[Event "2 Knights Slug Out"]
[Site "SchemingMind.com"]
[Date "2013.09.20"]
[Round "-"]
[White "Aba"]
[Black "Iucounu"]
[Result "1-0"]
[WhiteCountry "ISR"]
[BlackCountry "ENG"]
[WhiteElo "1832"]
[WhiteRD "82"]
[BlackElo "1464"]
[BlackRD "57"]
[GameID "338713"]

1. e4 e5 2. Nf3 Nc6 3. Bc4 Nf6 4. Nc3 Nxe4 5. d3 Nxc3 6. bxc3 d5 7. Bb3 Be7 8. Bb2 O-O 9. Qd2 h6 10. O-O-O Bg4
11. Kb1 Bxf3 12. gxf3 Na5 13. Ba4 b6 14. Rde1 Bd6 15. h3 Nb7 16. Rhg1 Qh4 17. Bc6 Rab8 18. c4 dxc4 19. f4 Qxf4 20. Qxf4 exf4
21. Rxg7+
1-0

[Event "2 Knights Slug Out"]
[Site "SchemingMind.com"]
[Date "2013.09.25"]
[Round "-"]
[White "Olli Ylönen"]
[Black "Iucounu"]
[Result "1-0"]
[WhiteCountry "FIN"]
[BlackCountry "ENG"]
[WhiteElo "1835"]
[WhiteRD "63"]
[BlackElo "1494"]
[BlackRD "57"]
[GameID "338714"]

1. e4 e5 2. Nf3 Nc6 3. Bc4 Nf6 4. Ng5 d5 5. exd5 Na5 6. Bb5+ c6 7. dxc6 bxc6 8. Qf3 Rb8 9. Bd3 h6 10. Ne4 Nd5
11. b3 g6 12. Bb2 Bg7 13. Qg3 Nf4 14. Ba3 Nxd3+ 15. Qxd3 Qxd3 16. cxd3 Bf5 17. Nd6+ Kd7 18. Nxf5 gxf5 19. Nc3 Rhe8 20. O-O Bf6
21. Rab1 Nb7 22. Ne2 Nd6 23. Bxd6 Kxd6 24. Ng3 f4 25. Ne4+ Ke7 26. Nxf6 Kxf6 27. Rbc1 Re6 28. Rfe1 Kf5 29. Rc5 f6 30. g3 fxg3
31. hxg3 h5 32. d4 Rb5 33. Rxb5 cxb5 34. dxe5 Rxe5 35. Rxe5+ fxe5 36. d3 Kg4 37. Kg2 a5 38. a4 b4 39. f3+ Kf5 40. Kf2 Ke6
41. Ke3 Kd5 42. d4 exd4+ 43. Kd3
1-0

[Event "2 Knights Slug Out"]
[Site "SchemingMind.com"]
[Date "2013.09.21"]
[Round "-"]
[White "kenneth m day"]
[Black "Iucounu"]
[Result "1-0"]
[WhiteCountry "USA"]
[BlackCountry "ENG"]
[WhiteElo "1785"]
[WhiteRD "53"]
[BlackElo "1494"]
[BlackRD "57"]
[GameID "338715"]

1. e4 e5 2. Nf3 Nc6 3. Bc4 Nf6 4. d4 exd4 5. e5 d5 6. Bb5 Ne4 7. Nxd4 Bd7 8. Bxc6 bxc6 9. O-O Bc5 10. f3 Ng5
11. Be3 Bb6 12. Nc3 Ne6 13. Qd2 Nxd4 14. Bxd4 Bxd4+ 15. Qxd4 O-O 16. f4 Bf5 17. Rf2 f6 18. Re1 fxe5 19. Rxe5 Bxc2 20. Rxc2 Qh4
21. Rce2 Rxf4 22. Qe3 Raf8 23. g3 Qg4 24. Kg2 R4f6 25. Rg5 Qd7 26. Qe5 Qd6 27. Qd4 h6 28. Rge5 a5 29. Na4 Qb4 30. Qxb4 axb4
31. Nc5 R8f7 32. Re7 Rxe7 33. Rxe7 Rf7 34. Re8+ Rf8 35. Rxf8+ Kxf8 36. Ne6+
1-0

[Event "2 Knights Slug Out"]
[Site "SchemingMind.com"]
[Date "2013.09.21"]
[Round "-"]
[White "Selwyn"]
[Black "Iucounu"]
[Result "1-0"]
[WhiteCountry "AUS"]
[BlackCountry "ENG"]
[WhiteElo "2271"]
[WhiteRD "87"]
[BlackElo "1464"]
[BlackRD "57"]
[GameID "338717"]

1. e4 e5 2. Nf3 Nc6 3. Bc4 Nf6 4. Ng5 d5 5. exd5 Na5 6. Bb5+ c6 7. dxc6 bxc6 8. Bd3 h6 9. Ne4 Nd5 10. O-O Be7
11. Re1 O-O 12. Ng3 Bd6 13. Bf5 Bxf5 14. Nxf5 Bc7 15. Qg4 Qf6 16. Nc3 Rfe8 17. d3 Kf8 18. Ne4 Qg6 19. Qxg6 fxg6 20. Ne3 Nb7
21. Bd2 Nxe3 22. Rxe3 Kg8 23. Bc3 Nd6 24. Nxd6 Bxd6 25. Rae1 Re6 26. Bxe5 Bxe5 27. Rxe5 Rxe5 28. Rxe5 Kf7 29. f3 Rc8 30. d4 Rc7
31. c3
1-0